Oeuvres complétes de Lucréce / (Record no. 158219)

MARC details
000 -LEADER
campo de control de longitud fija 00912nam a22002415i 4500
001 - NÚMERO DE CONTROL
campo de control 158219
003 - IDENTIFICADOR DE NÚMERO DE CONTROL
campo de control ES-MaACL
005 - FECHA Y HORA DE LA ÚLTIMA TRANSACCIÓN
campo de control 20250728181521.0
008 - DATOS DE LONGITUD FIJA--INFORMACIÓN GENERAL
campo de control de longitud fija 990701s1865 fr |||| | fre d
040 ## - FUENTE DE CATALOGACIÓN
Centro catalogador/agencia de origen CLM
Lengua de catalogación spa
Centro/agencia transcriptor CCPB | 3D
100 1# - ENTRADA PRINCIPAL--NOMBRE DE PERSONA
Nombre de persona Lucrecio Caro, Tito.
9 (RLIN) 74604
245 10 - MENCIÓN DEL TÍTULO
Título Oeuvres complétes de Lucréce /
Mención de responsabilidad, etc. avec la traduction française de Lagrange ; revue avec le plus grand soin par M. Blanchet.
260 ## - PUBLICACIÓN, DISTRIBUCIÓN, ETC.
Lugar de publicación, distribución, etc. Paris :
Nombre del editor, distribuidor, etc. Garnier Fréres, libraires-éditeurs,
Fecha de publicación, distribución, etc. 1865 (
Fabricante Imp. Simon Raçon et Comp.)
300 ## - DESCRIPCIÓN FÍSICA
Extensión XXXII, 395 p. ;
Dimensiones 18 cm.
490 1# - MENCIÓN DE SERIE
Mención de serie Bibliotheque latine-française ;
Designación de volumen o secuencia 21
594 ## - Nota al título y mención de responsabilidad
Nota al título y mención de responsabilidad Texto en francés y latín.
700 1# - ENTRADA AGREGADA--NOMBRE PERSONAL
Nombre de persona Blanchet, Félix,
Fechas asociadas al nombre 1826-1861
9 (RLIN) 154500
700 1# - ENTRADA AGREGADA--NOMBRE PERSONAL
Nombre de persona Lagrange (
Fechas asociadas al nombre 1738-1775)
9 (RLIN) 154501
830 0# - PUNTO DE ACCESO ADICIONAL DE SERIE-TÍTULO UNIFORME
Título uniforme Bibliotheque latine-française ;
Designación de volumen o secuencia 21
9 (RLIN) 188147
852 ## - LOCALIZACIÓN
Ubicación ES-MaACL
Número de control de estantería D-2131
Nota libre -- Enc. tela
Holdings
Estatus retirado Estado de pérdida Estado de daño No para préstamo Colección Biblioteca de origen Biblioteca actual Ubicación en estantería Fecha de adquisición Fuente de adquisición Total de préstamos Signatura topográfica completa Código de barras Visto por última vez Precio de reemplazo Tipo de ítem Koha
        Libros del s. XIX Biblioteca del Ateneo de Madrid Biblioteca del Ateneo de Madrid Sala Valle Inclán 17/01/2008     D-2131 901165592 23/02/2023 23/02/2023 Libro impreso antiguo